Justini Febronii JCti statu ecclesiae et legitima potestate romani pontificis liber singularis. Ad reuniendos dissidentes in religione christianos compositus

Detalles Bibliográficos
Autor principal: Hontheim, Johann Nikolaus von, 1701-1790
Otros Autores: Evrard, Guillaume, ed
Formato: Libro
Lenguaje:Latin
Publicado: Bullioni : apud Guillelmum Evrardi, 1768.
Edición:Editio tertia priore emendatior et multò auctior
Materias:
Colección:Banco de datos
Acervo:Universidad Autónoma Benito Juárez de Oaxaca. Biblioteca Francisco de Burgoa. Colección antigua
Descripción Física:[26] h., 756 p. ; 4°
Tema general:Derecho civil
Notas:Portada tipográfica con viñeta y plecas en grabado xilográfico. Texto a renglón seguido con paginación en números arábigos, notas a pie de páginas, reclamos y signaturas. Incluye capitulares con motivos florales en grabado xilográfico
LEADER 01110nam a22002050004500
035 |a 473 
041 0 |a lat 
100 1 |a Hontheim, Johann Nikolaus von, 1701-1790 
245 1 0 |a Justini Febronii JCti statu ecclesiae et legitima potestate romani pontificis liber singularis. Ad reuniendos dissidentes in religione christianos compositus  
250 |a Editio tertia priore emendatior et multò auctior 
260 |a Bullioni : apud Guillelmum Evrardi, 1768. 
300 |a [26] h., 756 p. ; 4° 
500 |a Portada tipográfica con viñeta y plecas en grabado xilográfico. Texto a renglón seguido con paginación en números arábigos, notas a pie de páginas, reclamos y signaturas. Incluye capitulares con motivos florales en grabado xilográfico  
501 |a 1 obra 
650 1 0 |a Derecho civil 
700 1 |a Evrard, Guillaume, ed. 
852 |a Universidad Autónoma "Benito Juárez" de Oaxaca, Biblioteca Francisco de Burgoa, Colección antigua 9894-B  
942 |c BURANT 
943 |g Universidad Autónoma Benito Juárez de Oaxaca. Biblioteca Francisco de Burgoa. Colección antigua 
999 |c 1111484  |d 1111484